| 000 | 00908nam a22002297a 4500 | ||
|---|---|---|---|
| 999 |
_c20716 _d20716 |
||
| 005 | 20200123123725.0 | ||
| 008 | 200123b xxu||||| |||| 00| 0 spa d | ||
| 040 |
_aCO-BoIAVH _cCO-BoIAVH |
||
| 041 | _aspa | ||
| 044 | _ack | ||
| 082 |
_a577.64 _bF98s |
||
| 100 |
_aVásquez Lalinde, Fernando _eEditor |
||
| 245 |
_aSíntesis de las ponencias _bTercer encuentro mundial de ríos. Empapate de ríos Bogotá 2002 _cFernando Vásquez Lalinde, editor |
||
| 260 |
_aBogotá, _bFundación Al Verde Vivo, _c2002 |
||
| 300 |
_a192 páginas, _bFotografías y tablas a blanco y negro _c21.5 x 16.1 cm |
||
| 650 | 0 |
_aConservación de recursos hídricos _v Congresos, conferencias, etc.. |
|
| 650 | 0 | _aContaminación del agua. | |
| 650 | 0 | _aSaneamiento ambiental | |
| 650 | 0 | _aProblemática ambiental | |
| 650 | 0 |
_aSolución de conflictos _vAmbientales |
|
| 942 |
_2ddc _cLIBRO |
||